Normal view
MARC view
- علوان،قاسم نايف / م.مشارك: نجيه ميلاد الزياني
Entry Personal Name
001 - CONTROL NUMBER
- control field: 31286
003 - CONTROL NUMBER IDENTIFIER
- control field: JO-AjAnu
005 - DATE AND TIME OF LATEST TRANSACTION
- control field: 20230606075253.0
008 - FIXED-LENGTH DATA ELEMENTS
- fixed length control field: 230606|| aca||aabn | a|a d
040 ## - CATALOGING SOURCE
- Original cataloging agency: JO-AjAnu
- Transcribing agency: JO-AjAnu
100 ## - HEADING--PERSONAL NAME
- Personal name: علوان،قاسم نايف / م.مشارك: نجيه ميلاد الزياني
670 ## - SOURCE DATA FOUND
- Source citation: Work cat.: (JO-AjAnu)16066: علوان،قاسم نايف / م.مشارك: نجيه ميلاد الزياني, author, ضريبة القيمة المضافة: المفاهيم- القياس- التطبيق